[Event "GER-ch Youth-C"]
[Site "Willingen"]
[Date "2022.06.07"]
[Round "4"]
[White "Pac, Maksym"]
[Black "Hapke, Marvin"]
[Result "1-0"]
[WhiteElo "1033"]
[BlackElo "1262"]
[PlyCount "73"]
[EventDate "2022.06.04"]
[EventType "swiss"]
[EventRounds "9"]
[EventCountry "GER"]
[SourceTitle "CBM 208 Extra"]
[Source "ChessBase"]
[SourceDate "2022.07.31"]
[SourceVersion "1"]
[SourceVersionDate "2022.07.31"]
[SourceQuality "1"]

1. d4 d5 2. Nc3 Nf6 3. Bf4 e6 4. e3 Be7 5. Bd3 Nbd7 6. Nb5 Bb4+ 7. c3 Ba5 8. Nf3 a6 9. Na3 Bb6 10. Ne5 Ba7 11. g4 Nxe5 12. Bxe5 h6 13. Qf3 b6 14. h4 Rg8 15. g5 Nd7 16. Bf4 c5 17. gxh6 gxh6 18. Bxh6 Qf6 19. Qxf6 Nxf6 20. Bg5 Nd7 21. Nc2 Bb7 22. 0-0-0 c4 23. Be2 f6 24. Bf4 a5 25. Rdg1 Ke7 26. h5 Rh8 27. Rg7+ Kd8 28. h6 Bb8 29. h7 Bxf4 30. Rg8+ Kc7 31. Rxa8 Bxa8 32. exf4 Nf8 33. b3 e5 34. fxe5 fxe5 35. dxe5 d4 36. Rg1 d3 37. Rg7+ 1-0

[Event "Rhein Main op-B 18th"]
[Site "Bad Homburg"]
[Date "2015.06.05"]
[Round "4"]
[White "Hapke, Marvin"]
[Black "Thaler, Regina"]
[Result "0-1"]
[WhiteElo "1233"]
[BlackElo "985"]
[PlyCount "170"]
[EventDate "2015.06.03"]
[EventType "swiss"]
[EventRounds "7"]
[EventCountry "GER"]
[SourceTitle "CBM 167 Extra"]
[Source "ChessBase"]
[SourceDate "2015.09.14"]
[SourceVersion "1"]
[SourceVersionDate "2015.09.14"]
[SourceQuality "1"]

1. e4 e5 2. Nf3 Nf6 3. Nxe5 Nxe4 4. Qe2 d5 5. f3 Qh4+ 6. Kd1 Nf2+ 7. Ke1 Nd3+ 8. Kd1 Nxe5 9. Qxe5+ Be6 10. f4 Qg4+ 11. Ke1 c6 12. h3 Qh4+ 13. Kd1 Nd7 14. Qe3 Bc5 15. d4 Bb6 16. g3 Qe7 17. Bd3 f5 18. Re1 Nf8 19. Nd2 g6 20. Nf3 h6 21. g4 Bd8 22. gxf5 Bxf5 23. Qxe7+ Bxe7 24. Bxf5 gxf5 25. b3 Ng6 26. h4 Kf7 27. h5 Nf8 28. Ne5+ Kg8 29. Nxc6 Bh4 30. Rh1 Bf6 31. Rg1+ Kh7 32. Ne5 Rg8 33. Rxg8 Kxg8 34. Kd2 Ne6 35. Ke3 Re8 36. c4 Nc7 37. Ba3 Be7 38. Bxe7 Rxe7 39. Rg1+ Kh7 40. Rg6 Ne6 41. Rf6 Kg7 42. Rxf5 Nc7 43. Kd3 dxc4+ 44. Kxc4 Kg8 45. d5 b5+ 46. Kc5 a5 47. d6 Ne6+ 48. Kc6 Nd4+ 49. Kb6 Re6 50. Rf7 Rxd6+ 51. Kc5 Rd8 52. Rd7 Rxd7 53. Nxd7 Ne6+ 54. Kxb5 Nxf4 55. Nf6+ Kf7 56. Ng4 Kg7 57. Kxa5 Nxh5 58. b4 Nf4 59. b5 Nd5 60. b6 Ne7 61. b7 h5 62. Ka6 Nc6 63. Kb6 Nb8 64. Ka7 Nc6+ 65. Ka8 hxg4 66. a4 g3 67. a5 g2 68. a6 g1Q 69. b8Q Nxb8 70. Kb7 Qa1 71. a7 Qb2+ 72. Ka8 Qe5 73. Kb7 Qb5+ 74. Kc7 Na6+ 75. Kd6 Qb7 76. Ke5 Qxa7 77. Ke4 Qd7 78. Ke3 Qd5 79. Kf2 Qc4 80. Kg2 Qf4 81. Kh1 Kg6 82. Kg1 Kg5 83. Kg2 Kh4 84. Kg1 Kg3 85. Kh1 Qf1# 0-1